Proceso contencioso del Doctor Pedro Suezo de Castillo sobre los bienes intestados de su esposa, doña María.

Detalles Bibliográficos
Otros Autores: Pedro Suezo de Castillo
Formato: Libro
Publicado: s.l., s.f.
Materias:
Colección:Banco de datos
Acervo:Biblioteca Palafoxiana. Colección de Manuscritos
Descripción Física:13 f. ; 30.6 x 21.3 cm.
Tema general:Civil
LEADER 00453nam a22001450004500
035 |a 2129 
245 1 0 |a Proceso contencioso del Doctor Pedro Suezo de Castillo sobre los bienes intestados de su esposa, doña María. 
260 |a s.l., s.f. 
300 |a 13 f. ; 30.6 x 21.3 cm. 
650 1 0 |a Civil 
700 1 |a Pedro Suezo de Castillo 
949 |a 38109/005 
942 |c PALAMANU 
943 |g Biblioteca Palafoxiana. Colección de Manuscritos 
999 |c 1070074  |d 1070074